| 000 | 00551nam a2200157 i 4500 | ||
|---|---|---|---|
| 001 | 126708 | ||
| 003 | ES-MaACL | ||
| 005 | 20230906192850.0 | ||
| 007 | t| | ||
| 008 | 070214s1906 sp r ||||1| spa d | ||
| 100 | 1 |
_aRevilla Gala, Ventura. _996437 |
|
| 245 | 1 | 0 |
_aContribución al estudio de la etiología, profilaxis y tratamiento de la sifilis hereditaria infantil _b: memoria del doctorado / _cVentura Revilla Gala. |
| 260 |
_aValladolid : _b[s.n.], _c1906 ( _fImp. Hijos de Nuevo) |
||
| 650 | 0 | 4 |
_aSífilis. _917092 |
| 852 |
_aES-MaACL _jT-1132-F-5 |
||
| 999 |
_c126708 _d126708 |
||